| 000 | 00365nam a2200157Ia 4500 | ||
|---|---|---|---|
| 005 | 20250514014428.0 | ||
| 008 | 240331s9999 xx 000 0 und d | ||
| 020 | _a9552000920 | ||
| 082 |
_a294 _bMOR |
||
| 100 | _aMoratuwagama, H.M | ||
| 245 | 0 | _aTheraniyo | |
| 260 |
_aColombo _bS. Godake & Brothers _c1994 |
||
| 300 | _a119 p ., | ||
| 650 | _aBuddhism | ||
| 942 | _cL | ||
| 999 |
_c899 _d899 |
||